Alle Transfers des FC Liverpool unter Jürgen Klopp - Statistiken

Allgemein
  • Dieses Quiz wurde 84 mal gespielt
  • Das Durchschnittsergebnis liegt bei 20 aus 38
Antwortstatistiken
Saison vorheriger Verein Ablöse (€) Spieler % Korrekt
2017/18 AS Rom 42,00 Mio. Mohamed Salah
94%
2016/17 FC Southampton 41,20 Mio. Sadio Mane
93%
2017/18 FC Southampton 84,65 Mio. Virgil van Dijk
93%
2018/19 AS Rom 62,50 Mio. Alisson
88%
2022/23 Benfica Lissabon 85,00 Mio. Darwin Nunez
87%
2023/24 RB Leipzig 70,00 Mio. Dominik Szoboszlai
87%
2021/22 FC Porto 53,00 Mio. Luis Diaz
87%
2023/24 VfB Stuttgart 20,00 Mio. Wataru Endo
85%
2017/18 Hull City 9,00 Mio. Andrew Robertson
84%
2023/24 FC Bayern München 40,00 Mio. Ryan Gravenberch
84%
2021/22 RB Leipzig 40,00 Mio. Ibrahima Konate
81%
2016/17 FC Schalke 04 ablösefrei Joel Matip
81%
2018/19 RB Leipzig 60,00 Mio. Naby Keita
79%
2022/23 PSV Eindhoven 42,00 Mio. Cody Gakpo
75%
2020/21 FC Bayern München 22,00 Mio. Thiago Alcantara
75%
2023/24 Brighton & Hove Albion 42,00 Mio. Alexis Mac Allister
73%
2020/21 Wolverhampton 44,70 Mio. Diogo Jota
73%
2018/19 AS Monaco 45,00 Mio. Fabinho
69%
2016/17 1. FSV Mainz 05 6,20 Mio. Loris Karius
64%
2017/18 FC Arsenal 38,00. Mio Alex Oxlade-Chamberlain
54%
2020/21 FC Schalke 04 Leihe (2,50 Mio.) Ozan Kabak
54%
2016/17 Newcastle United 27,50 Mio. Georginio Wijnaldum
48%
2020/21 Olympiakos Piräus 13,00 Mio. Konstantinos Tsimikas
48%
2019/20 RB Salzburg 8,50 Mio. Takumi Minamino
45%
2022/23 Juventus Turin Leihe (4,50 Mio.) Arthur Melo
42%
2016/17 FC Augsburg 5,00 Mio. Ragnar Klavan
37%
2018/19 Stoke City 14,70 Mio. Xherdan Shaqiri
34%
2019/20 PEC Zwolle 1,90 Mio. Sepp van den Berg
19%
2019/20 West Ham United ablösefrei Adrian
18%
2015/16 Roter Stern Belgrad 7,00 Mio. Marko Grujic
18%
2022/23 FC Fulham 9,40 Mio. Fabio Carvalho
16%
2016/17 FC Augsburg ablösefrei Alexander Manninger
15%
2022/23 Aberdeen FC 4,90 Mio. Calvin Ramsay
13%
2017/18 FC Chelsea U23 ablösefrei Dominic Solanke
13%
2020/21 Preston North End 1,85 Mio. Ben Davies
7%
2020/21 Fluminense 750 Tsd. Marcelo Pitaluga
4%
2015/16 Queens Park Rangers Leihe Steven Caulker
4%
2019/20 Middlesbrough ablösefrei Andy Lonergan
0%
Keine übereinstimmenden Quizze gefunden
Verteilung der Resultate
Anzahl Personen mit jedem Resultat
Perzentil nach korrekt beantworteten Fragen
Ihre Resultats-Entwicklung
Sie haben dieses Quiz noch nicht gespielt